000 00352nam a22001337a 4500
082 _a690
_bARO
_cL-14, P-151
100 _aArora, N.L
_945045
245 _aText book of building construction
_cArora, N.L
260 _c1989
300 _aiv, 431 p.
_bill.
_c18 cm.
526 _a0
_b0
_c0
_d690_000000000000000_ARO
650 _aMCE
_9379
942 _2ddc
_cBK
999 _c548656
_d548656